Karl Briullov Artist of Russian Romanticism (Record no. 11964)

MARC details
000 -LEADER
fixed length control field 00369nam a2200145Ia 4500
008 - FIXED-LENGTH DATA ELEMENTS--GENERAL INFORMATION
fixed length control field 230312s9999||||xx |||||||||||||| ||und||
020 ## - INTERNATIONAL STANDARD BOOK NUMBER
International Standard Book Number 185-995-298-4
082 ## - DEWEY DECIMAL CLASSIFICATION NUMBER
Classification number 759.7
Item number LEO-K
100 ## - MAIN ENTRY--PERSONAL NAME
Personal name Leontyeva;Galina
245 #0 - TITLE STATEMENT
Title Karl Briullov Artist of Russian Romanticism
260 ## - PUBLICATION, DISTRIBUTION, ETC.
Name of publisher, distributor, etc. Parkstone
Place of publication, distribution, etc. England
Date of publication, distribution, etc. 1996
300 ## - PHYSICAL DESCRIPTION
Extent 155
650 ## - SUBJECT ADDED ENTRY--TOPICAL TERM
Topical term or geographic name entry element Architecture
942 ## - ADDED ENTRY ELEMENTS (KOHA)
Koha item type BOOK
Holdings
Withdrawn status Lost status Source of classification or shelving scheme Damaged status Not for loan Home library Current library Date acquired Total Checkouts Full call number Barcode Date last seen Price effective from Koha item type
    Dewey Decimal Classification     Superior Information Resource Center (SIRC) Superior University- Central Library Superior Information Resource Center (SIRC) Superior University- Central Library 03/13/2023   759.7 LEO-K 12095 03/13/2023 03/13/2023 BOOK

Powered by Koha